<?xml version="1.0" encoding="UTF-8"?>
<record
    xmlns:xsi="http://www.w3.org/2001/XMLSchema-instance"
    xsi:schemaLocation="http://www.loc.gov/MARC21/slim http://www.loc.gov/standards/marcxml/schema/MARC21slim.xsd"
    xmlns="http://www.loc.gov/MARC21/slim">

  <leader>00653nam a22001817a 4500</leader>
  <controlfield tag="003">UA-OsUOA</controlfield>
  <controlfield tag="001"> 9874 </controlfield>
  <controlfield tag="007">ta</controlfield>
  <controlfield tag="008">20041129b un ||||| |||| 00| 0 ukr d</controlfield>
  <datafield tag="100" ind1=" " ind2=" ">
    <subfield code="a">&#x411;&#x43E;&#x43D;&#x434;&#x430;&#x440;&#x435;&#x43D;&#x43A;&#x43E; &#x42E;.</subfield>
  </datafield>
  <datafield tag="942" ind1=" " ind2=" ">
    <subfield code="c">SA</subfield>
  </datafield>
  <datafield tag="040" ind1=" " ind2=" ">
    <subfield code="a">UA-OsUOA</subfield>
    <subfield code="c">UA-OsUOA</subfield>
    <subfield code="d">UA-OsUOA</subfield>
  </datafield>
  <datafield tag="245" ind1=" " ind2=" ">
    <subfield code="a">&#x420;&#x435;&#x43B;&#x456;&#x433;&#x456;&#x439;&#x43D;&#x430; &#x43C;&#x43E;&#x434;&#x435;&#x43B;&#x44C; &#x456;&#x441;&#x442;&#x43E;&#x440;&#x456;&#x457; &#x432; &#x43F;&#x43E;&#x435;&#x43C;&#x456; &#x406;&#x432;&#x430;&#x43D;&#x430; &#x424;&#x440;&#x430;&#x43D;&#x43A;&#x430; " &#x41C;&#x43E;&#x439;&#x441;&#x435;&#x439; "</subfield>
    <subfield code="b">&#x424;&#x43E;&#x440;&#x43C;&#x443;&#x432;&#x430;&#x43D;&#x43D;&#x44F; &#x456;&#x441;&#x442;&#x43E;&#x440;&#x438;&#x447;&#x43D;&#x43E;&#x457; &#x441;&#x432;&#x456;&#x434;&#x43E;&#x43C;&#x43E;&#x441;&#x442;&#x456; &#x448;&#x43A;&#x43E;&#x43B;&#x44F;&#x440;&#x456;&#x432; &#x43D;&#x430; &#x443;&#x440;&#x43E;&#x43A;&#x430;&#x445; &#x43B;&#x456;&#x442;&#x435;&#x440;&#x430;&#x442;&#x443;&#x440;&#x438;</subfield>
  </datafield>
  <datafield tag="300" ind1=" " ind2=" ">
    <subfield code="a">&#x421;.19-24</subfield>
  </datafield>
  <datafield tag="955" ind1=" " ind2=" ">
    <subfield code="a">0</subfield>
  </datafield>
  <datafield tag="773" ind1="0" ind2=" ">
    <subfield code="w">0</subfield>
    <subfield code="t">&#x414;&#x418;&#x412;&#x41E;&#x421;&#x41B;&#x41E;&#x412;&#x41E;</subfield>
    <subfield code="d">2004</subfield>
    <subfield code="d">N11</subfield>
  </datafield>
  <datafield tag="650" ind1=" " ind2="7">
    <subfield code="a">&#x41B;&#x456;&#x442;&#x435;&#x440;&#x430;&#x442;&#x443;&#x440;&#x43E;&#x437;&#x43D;&#x430;&#x432;&#x441;&#x442;&#x432;&#x43E;</subfield>
    <subfield code="2">UDC</subfield>
  </datafield>
  <datafield tag="999" ind1=" " ind2=" ">
    <subfield code="c">296035</subfield>
    <subfield code="d">296035</subfield>
  </datafield>
</record>
